Lidský svět = Human world /

Hlavní autor: Benický, Karol, 1940-2011
Další autoři: Benický, Matúš, 1970-2006, Vodňanský, Jan, 1941-2021
Jazyk: Čeština
Angličtina
Vydáno: [Praha] : Art Benický, 2007
Edice: Krásná kniha (Art Benický)
Témata:
Fyzický popis: [200] s. : barev. il., portréty ; 24 x 30 cm
Language note: Souběžný anglický text
Knihy
Uloženo v:
LEADER 02331nam a2200601 a 4500
001 nkc20091994323
003 CZ PrNK
005 20221128105428.0
007 ta
008 090918s2007 xr ac e 000 0dcze
015 |a cnb001994323 
020 |a 978-80-903824-2-8  |q (váz.) 
020 |a 978-80-903824-3-5  |q (soubor) 
035 |a (OCoLC)465281084 
040 |a ABA001  |b cze 
041 1 |a cze  |a eng  |h cze 
043 |a e-xo--- 
045 |a x7y0 
072 7 |a 77  |x Fotografie. Fotografické postupy  |2 Konspekt  |9 21 
080 |a 77.03  |2 MRF 
080 |a 316.3/.6  |2 MRF 
080 |a 7.04  |2 MRF 
080 |a (437.6)  |2 MRF 
080 |a (084.12)  |2 MRF 
100 1 |a Benický, Karol,  |d 1940-2011  |7 jn19990000662  |4 aut  |4 pht 
245 1 0 |a Lidský svět =  |b Human world /  |c Karol Benický, Matúš Benický ; [úvodní text Jan Vodňanský] 
246 3 1 |a Human world 
260 |a [Praha] :  |b Art Benický,  |c 2007 
300 |a [200] s. :  |b barev. il., portréty ;  |c 24 x 30 cm 
490 1 |a Krásná kniha 
500 |a Část nákladu distribuována v r. 2008 společně s: Lidé lidem, Lidská rodina, v kartonovém pouzdru s vlastním názvem: Orbis pictus; a ISBN: 978-80-903824-3-5 
500 |a Životopisná data, přehledy výstav 
504 |a Obsahuje bibliografii 
546 |a Souběžný anglický text 
600 1 7 |a Benický, Karol,  |d 1940-2011  |7 jn19990000662  |2 czenas 
600 1 7 |a Benický, Matúš,  |d 1970-2006  |7 xx0005233  |2 czenas 
648 4 |a 1972-2007 
650 0 7 |a dokumentární fotografie  |7 ph119534  |z Slovensko  |y 20.-21. století  |2 czenas 
650 0 7 |a člověk a společnost  |7 ph116878  |2 czenas 
650 0 7 |a náměty, témata a motivy  |7 ph138485  |2 czenas 
650 0 9 |a documentary photography  |z Slovakia  |y 20th-21st centuries  |2 eczenas 
650 0 9 |a man and society  |2 eczenas 
650 0 9 |a themes and motives  |2 eczenas 
655 7 |a fotografické publikace  |7 fd132276  |2 czenas 
655 9 |a photographical works  |2 eczenas 
740 0 2 |a Orbis pictus 
700 1 |a Benický, Matúš,  |d 1970-2006  |7 xx0005233  |4 aut  |4 pht 
700 1 |a Vodňanský, Jan,  |d 1941-2021  |7 jk01150270  |4 wfw 
830 0 |a Krásná kniha (Art Benický)  |0 s 
910 2 |a BOA001  |b 4-1498.198 
990 |a BK 
995 |a 01 
996 6 |b 2610922229  |c 4-1498.198  |l MZK  |r Sklad / do 1 hodiny  |n 0  |p dar  |w 001906800  |u 000010  |a 1  |e BOA001  |j MZK50  |s P